[Event "32nd Reykjavik Open 2017"]
[Site "Reykjavik"]
[Date "2017.04.19"]
[Round "1"]
[White "Jonsson, Gauti Pall"]
[Black "Giri, Anish"]
[Result "0-1"]
[WhiteElo "2087"]
[BlackElo "2771"]
[Annotator "TA"]
[PlyCount "60"]
[EventDate "2017.??.??"]
[EventType "swiss"]
[EventCountry "ISL"]
[SourceTitle "playchess.com"]
[Source "ChessBase"]
[SourceQuality "1"]
[TimeControl "40/5400+30:1800+30"]

1. e4 {[%emt 0:00:00]} c5 {[%emt 0:00:18]} 2. Nf3 {[%emt 0:00:00]} e6 {[%emt 0:00:06]} 3. d4 {[%emt 0:00:23]} cxd4 {[%emt 0:00:04]} 4. Nxd4 {[%emt 0:00:11]} Nc6 {[%emt 0:00:07]} 5. Nc3 {[%emt 0:00:35]} Qc7 {[%emt 0:00:07]} 6. g3 {[%emt 0:00:39]} a6 {[%emt 0:00:22]} 7. Bg2 {[%emt 0:00:52]} d6 {[%emt 0:02:32]} 8. O-O {[%emt 0:01:58]} Bd7 {[%emt 0:00:14]} 9. Be3 {[%emt 0:02:27]} Nf6 {[%emt 0:00:59]} 10. Qe2 {[%emt 0:04:19]} Be7 {[%emt 0:00:32]} 11. Rad1 {[%emt 0:01:59]} O-O {[%emt 0:01:29]} 12. Kh1 {[%emt 0:02:32]} b5 {[%emt 0:00:30]} 13. f4 {[%emt 0:05:13]} b4 {[%emt 0:00:51]} 14. Nxc6 {[%emt 0:04:10]} Bxc6 {[%emt 0:00:12]} 15. e5 {[%emt 0:01:54]} dxe5 {[%emt 0:03:43]} 16. fxe5 {[%emt 0:01:02]} Bxg2+ {[%emt 0:00:06]} 17. Qxg2 {[%emt 0:00:22]} Ng4 {[%emt 0:00:15]} 18. Bd4 {[%emt 0:02:16]} bxc3 {[%emt 0:00:42]} 19. Qe4 {[%emt 0:00:25]} h5 {[%emt 0:02:58]} 20. h3 {[%emt 0:01:38]} Nh6 {[%emt 0:00:07]} 21. Bxc3 {[%emt 0:01:31]} Nf5 {[%emt 0:00:07]} 22. Rf3 {[%emt 0:03:04]} Rad8 {[%emt 0:01:14]} 23. Rg1 {[%emt 0:01:49]} Bc5 {[%emt 0:00:29]} 24. Rg2 {[%emt 0:01:24]} Rd1+ {[%emt 0:00:58]} 25. Kh2 {[%emt 0:07:00]} Qb6 {[%emt 0:00:32]} 26. Be1 {[%emt 0:04:56]} Qxb2 {[%emt 0:04:28]} 27. g4 {[%emt 0:03:07]} Qd4 {[%emt 0:00:55]} 28. Qe2 {[%emt 0:00:59]} Ne3 {[%emt 0:00:46]} 29. Bf2 {[%emt 0:04:04]} Qxe5+ {[%emt 0:01:02]} 30. Bg3 {[%emt 0:01:55]} Nf1+ 0-1

[Event "32nd Reykjavik Open 2017"]
[Site "Reykjavik"]
[Date "2017.04.19"]
[Round "1"]
[White "Persson, Anders"]
[Black "Jobava, Baadur"]
[Result "0-1"]
[WhiteElo "2078"]
[BlackElo "2712"]
[Annotator "TA"]
[PlyCount "72"]
[EventDate "2017.??.??"]
[EventType "swiss"]
[EventCountry "ISL"]
[SourceTitle "playchess.com"]
[Source "ChessBase"]
[SourceQuality "1"]

{[%evp 16,72,44,45,52,4,4,0,11,4,18,0,6,0,0,0,8,0,21,-59,-27,-32,-12,-29,-16,-11,-25,-22,-16,0,-20,-14,0,-35,-26,-29,-27,-29,-43,-39,-33,-20,-27,-28,-26,-110,-106,-99,-83,-139,-133,-127,-99,-200,-222,-599,-693,-781,-754]} 1. d4 Nf6 2. c4 g6 3. Nc3 Bg7 4. Nf3 O-O 5. Bg5 d6 6. e3 Nbd7 7. Be2 b6 8. O-O Bb7 9. Qc2 {LiveBook: 8 Games. E61: King's Indian: Early deviations for White, including Smyslov System} (9. Nd2 h6 10. Bh4 d5 11. cxd5 Nxd5 12. Nxd5 Bxd5 13. Bf3 Bxf3 14. Nxf3 c5 15. Rc1 Rc8 16. Qe2 cxd4 17. Nxd4 Rxc1 18. Rxc1 Bxd4 19. exd4 {½-½ (47) Aronian,L (2784)-Li,C (2755) Stavanger 2016}) 9... e6 10. Rfd1 h6 11. Bh4 {The position is equal.} g5 12. Bg3 Nh5 $1 13. Rac1 $146 (13. a3 f5 14. Rac1 Qe7 {1-0 (43) Benalcazar Heredia,D (1958)-Gascon del Nogal,J (2384) Barrancabermeja 2015}) 13... f5 14. Nd2 g4 15. b4 Nxg3 16. hxg3 h5 17. d5 (17. c5 $11) 17... Bxc3 18. Qxc3 e5 19. Nb3 h4 20. e4 $1 hxg3 21. Qxg3 Qg5 22. exf5 Nf6 23. Bd3 Rae8 24. Re1 Rf7 {[%mdl 1024] Black has compensation.} 25. Qe3 Qh5 {...e4 is the strong threat.} 26. Nd2 $1 {[%cal Rd2f1]} ({Reject} 26. Kf1 Bxd5 27. cxd5 Nxd5 $15) 26... Rh7 {[%csl Gh7][%cal Rh5h1] [#]} 27. Kf1 Bc8 $40 {[%mdl 128] Black mounts an attack.} 28. Ne4 Nxe4 29. Bxe4 {next Ke2 is good for White.} ({Don't play} 29. Qxe4 Rf8 30. Ke2 (30. f6 $2 Rh6 31. Ke2 Rhxf6 $17) 30... Bxf5 $17) 29... Bxf5 30. Bxf5 (30. Ke2 $11) 30... Qxf5 $17 31. Ke2 Rf8 {[%cal Be8f8,Bf8f4,Bf4f2][%mdl 32]} 32. Rf1 ({Better is} 32. Rc3) 32... Rh2 33. Rg1 Qg6 34. Rc3 (34. Kd2 $17) 34... Rf4 $19 {aiming for ...Re4.} 35. Kd2 $2 {[#]} (35. Qd3 {is more resistant.} Qxd3+ 36. Rxd3) 35... Qf5 $1 ({Not} 35... Re4 36. Qg3 Rh7 37. a3 $17) 36. Kc1 Rxf2 0-1

[Event "32nd Reykjavik Open 2017"]
[Site "Reykjavik"]
[Date "2017.04.19"]
[Round "1"]
[White "Thorhallsson, Gylfi"]
[Black "Shirov, Alexei"]
[Result "0-1"]
[WhiteElo "2070"]
[BlackElo "2693"]
[Annotator "TA"]
[PlyCount "60"]
[EventDate "2017.??.??"]
[EventType "swiss"]
[EventCountry "ISL"]
[SourceTitle "playchess.com"]
[Source "ChessBase"]
[SourceQuality "1"]

{[%evp 21,60,0,18,-16,-26,-91,-93,-176,-181,-171,-162,-177,-173,-450,-450,-468,-473,-463,-439,-474,-483,-475,-468,-513,-503,-596,-589,-691,-702,-697,-691,-754,-726,-1247,-731,-1278,-585,-29971,-29969,-2197,-915]} 1. e4 c5 2. Nf3 e6 3. d4 cxd4 4. Nxd4 Nc6 5. Nc3 Qc7 6. g3 a6 7. Bg2 d6 8. O-O Bd7 9. Be3 Nf6 10. Qe2 Be7 11. Rad1 O-O 12. Kh1 {B80: Sicilian Scheveningen: 6 g3 and 6 Be3, including English Attack} (12. f4 Nxd4 13. Bxd4 e5 14. Be3 Bg4 15. Bf3 Be6 16. Qg2 b5 17. Nd5 Bxd5 18. exd5 exf4 19. gxf4 Nd7 20. Rfe1 {½-½ (50) Lu,S (2607)-Zhou,J (2616) Shenzhen 2016}) 12... b5 {[%cal Bb7b5,Bb5b4][%mdl 32] White must now prevent ...b4.} 13. f4 $146 (13. a3 $11 {keeps the balance.}) (13. a3 Nxd4 14. Rxd4 e5 15. Rd3 Be6 16. b3 Rac8 17. f4 Bg4 18. Qd2 Be6 19. f5 Bd7 {1-0 (29) Schlenker,J (2280)-Dobosz,H (2440) Germany 2005}) 13... b4 $17 14. Nxc6 (14. e5 $17 bxc3 15. exf6 Bxf6 16. Nxc6 (16. bxc3 Nxd4 17. cxd4 Bb5 $17) 16... Bxc6 17. b3) 14... Bxc6 $19 15. e5 dxe5 ({Don't play} 15... bxc3 16. exf6 Bxf6 17. b3 $17) 16. fxe5 Bxg2+ ({But not} 16... bxc3 17. exf6 Bxf6 18. Rxf6 gxf6 19. Bh6 Bxg2+ 20. Kxg2 Qc6+ 21. Kh3 $15) 17. Qxg2 $2 {[#]} (17. Kxg2 {was the only chance.} Qxe5 18. Bd4) 17... Ng4 {[%cal Bf6g4,Bg4h6,Bh6f5][%mdl 32]} ({Weaker is} 17... bxc3 18. exf6 Bxf6 19. b3 $17) (17... Qxe5 $2 18. Bd4 Qa5 19. Ne4 $19) 18. Bd4 bxc3 19. Qe4 h5 20. h3 Nh6 21. Bxc3 Nf5 22. Rf3 Rad8 23. Rg1 Bc5 24. Rg2 Rd1+ 25. Kh2 Qb6 26. Be1 Qxb2 27. g4 Qd4 28. Qe2 Ne3 29. Bf2 Qxe5+ 30. Bg3 Nf1+ 0-1

[Event "32nd Reykjavik Open 2017"]
[Site "Reykjavik"]
[Date "2017.04.19"]
[Round "1"]
[White "Saren, Bjorn"]
[Black "Jones, Gawain C B"]
[Result "0-1"]
[WhiteElo "2067"]
[BlackElo "2671"]
[Annotator "TA"]
[PlyCount "90"]
[EventDate "2017.??.??"]
[EventType "swiss"]
[EventCountry "ISL"]
[SourceTitle "playchess.com"]
[Source "ChessBase"]
[SourceQuality "1"]

{[%evp 22,90,-13,-41,-17,-14,-13,-13,-16,-8,-21,-84,-83,-101,-84,-90,-95,-97,-89,-103,-55,-55,-55,-62,-58,-85,-56,-58,-58,-56,-50,-55,0,-18,0,0,0,0,0,0,0,-21,-14,-40,-43,-48,-7,-36,-57,-103,-132,-914,-907,-827,-769,-1472,-1368,-1280,-1354,-1756,-1773,-1781,-1750,-1279,-1559,-5289,-2351,-29972,-29977,-29976,-29976]} 1. e4 c5 2. Nf3 d6 3. d4 cxd4 4. Nxd4 Nf6 5. Nc3 g6 6. g3 Nc6 7. Bg2 Nxd4 8. Qxd4 Bg7 9. O-O O-O 10. Qb4 a5 {B70: Sicilian Dragon: 6 g3 and 6 Be2 (without a later Be3)} 11. Qb3 Be6 12. Qxb7 {LiveBook: 9 Games} Rc8 $146 {Black is slightly better.} (12... Nd7 13. Qb5 Rc8 14. Rd1 Rc5 15. Qe2 Bxc3 16. bxc3 Qc7 17. Bd2 Nb6 18. Be3 {1-0 (30) Naiditsch,A (2684)-Hoffmann,M (2471) Germany 2017}) 13. e5 dxe5 14. Rd1 Qc7 15. Qxc7 Rxc7 16. Nb5 (16. Bd2 $11 {keeps the balance.}) 16... Rxc2 $17 17. Na3 Rc7 18. b3 e4 19. Bf4 Rcc8 {White must now prevent ...Nd5.} 20. Be5 e3 21. fxe3 Ng4 22. Bxg7 Kxg7 23. Bh3 Nxe3 24. Bxe6 fxe6 25. Rdc1 Rcd8 26. Rc3 Nd1 (26... Nf5 $15) 27. Rc7 Rf7 28. Nc4 Nc3 29. Re1 Nb5 ({Much worse is} 29... Nd5 30. Ra7 $16) 30. Rb7 Nd6 $36 {[%mdl 2048] Black is pushing.} 31. Nxd6 (31. Ra7 $5 {looks sharper.} Nxc4 32. bxc4 Rd2 33. Rxe6 Rxa2 34. Rexe7 Rxe7 35. Rxe7+ Kh6 36. Ra7) 31... exd6 $11 {[%mdl 4096] Endgame KRR-KRR} 32. Rb6 e5 {[%cal Be6e5,Be5e4,Be4e3][%mdl 32]} 33. Ra6 Re7 {next ...d5 is good for Black.} 34. Rxa5 d5 {[%cal Bd6d5,Bd5d4][%mdl 32]} 35. b4 e4 36. b5 $2 {[%mdl 8192]} (36. Kf1 $17) 36... d4 $19 37. b6 e3 38. Ra7 {[#]} Rxa7 $1 39. bxa7 {KR-KR} Ra8 40. Kf1 Rxa7 41. Rd1 Ra4 (41... Rxa2 $2 42. Rxd4 Rxh2 43. Re4 $19) 42. a3 Kf6 ({Weaker is} 42... Rxa3 43. Rxd4 Ra2 44. h3 $15) 43. Rd3 Ke5 (43... Kf5 $142 44. Rb3 Ke4) 44. Ke2 Ke4 45. Rb3 Rc4 0-1

[Event "32nd Reykjavik Open 2017"]
[Site "Reykjavik"]
[Date "2017.04.19"]
[Round "1"]
[White "Zemlickova, Olena"]
[Black "L'Ami, Erwin"]
[Result "0-1"]
[WhiteElo "2053"]
[BlackElo "2614"]
[Annotator "TA"]
[PlyCount "70"]
[EventDate "2017.??.??"]
[EventType "swiss"]
[EventCountry "ISL"]
[SourceTitle "playchess.com"]
[Source "ChessBase"]
[SourceQuality "1"]

{[%evp 15,70,8,16,12,11,16,35,29,70,47,58,38,41,62,68,27,27,26,42,0,0,-9,0,-6,0,0,-8,-13,-9,-52,-18,-25,-29,-25,-22,-31,-27,-55,-59,-66,-50,-77,-68,-175,-164,-172,-163,-182,-178,-202,-192,-1128,-1126,-1071,-1006,-1151,-1150]} 1. d4 f5 2. g3 Nf6 3. Bg2 e6 4. c4 d5 5. Nf3 Bd6 6. O-O O-O 7. b3 b6 8. Bb2 {A90: Dutch Defence: Miscellaneous and Modern Stonewall (with ...Bd6)} Bb7 {LiveBook: 3 Games} 9. Nc3 Ne4 $146 (9... c6 10. Rc1 Nbd7 11. e3 Qe7 12. Ne2 Rad8 13. Nf4 Ne4 14. cxd5 exd5 15. Rc2 Nb8 16. Qc1 Rc8 17. Rd1 a5 18. Nd3 Na6 19. a3 c5 {1-0 (34) Sasikiran,K (2640)-Kostenko,P (2431) Al Ain 2015}) 10. Qc2 {The position is equal.} a6 11. Ne5 Bxe5 12. dxe5 Nc6 13. Rad1 {[%cal Rc3e4]} (13. Bxe4 dxe4 14. Rad1 Qe7 $15) 13... Nxc3 14. Bxc3 {[%cal Rc4d5]} Ne7 $1 15. e4 fxe4 {[#]} 16. Bxe4 $1 {[%mdl 512] Black should prevent cxd5.} h6 (16... dxe4 17. Rxd8) 17. Bg2 c5 18. Qe2 Qd7 19. Qg4 Kh8 20. cxd5 Bxd5 21. Bxd5 Nxd5 22. Bb2 Rf5 23. f4 Raf8 24. Qe2 Qf7 25. a4 ({Much worse is} 25. Qxa6 Ne3 26. Rde1 (26. Qxb6 $2 Nxd1 27. Ba3 Nc3 28. Bxc5 Ra8 $19) 26... Nxf1 27. Rxf1 g5 $17) 25... Kg8 26. Rc1 a5 27. Rce1 Qg6 {[%cal Rd5f4] aiming for ...Nxf4.} 28. Qg2 h5 29. h4 (29. Bc1 $15) 29... R5f7 $19 {[%cal Bf5f7,Bf7d7,Bd7d2][%mdl 32]} 30. Kh2 Rd7 31. Qe2 Qf5 32. Rd1 Rfd8 {Threatens to win with ...Ne3!} 33. Rfe1 $2 {[#]} (33. Rf2) 33... Nxf4 $1 {[%mdl 512] Black is clearly winning.} 34. gxf4 Qxf4+ 35. Kg1 Rd2 ({Weaker is} 35... Qxh4 {[#]} 36. Rd6 $1 $15 {[%mdl 512]}) 0-1

[Event "32nd Reykjavik Open 2017"]
[Site "Reykjavik"]
[Date "2017.04.19"]
[Round "1"]
[White "Arnalds, Stefan"]
[Black "Landa, Konstantin"]
[Result "0-1"]
[WhiteElo "2035"]
[BlackElo "2611"]
[Annotator "TA"]
[PlyCount "60"]
[EventDate "2017.??.??"]
[EventType "swiss"]
[EventCountry "ISL"]
[SourceTitle "playchess.com"]
[Source "ChessBase"]
[SourceQuality "1"]

{[%evp 23,60,8,16,-15,-20,-41,-41,-27,0,-6,-8,-18,0,-21,-15,-22,21,21,41,37,25,25,28,27,32,40,31,-15,0,-134,-136,-1759,-1747,-29978,-29979,-5406,-5406,-2362,-2180]} 1. d4 Nf6 2. c4 e6 3. Nc3 Bb4 4. Qc2 b6 5. Nf3 Bb7 6. a3 Bxc3+ 7. Qxc3 d6 8. e3 Nbd7 9. Be2 O-O {[%cal Bh8f8,Bf8f6,Bf6h6][%mdl 32]} 10. O-O Ne4 11. Qc2 f5 12. b4 Rf6 13. c5 $146 {Hoping for c6. E32: Nimzo-Indian: Classical (4 Qc2): 4...0-0} (13. d5 Rh6 14. dxe6 Ne5 15. Nxe5 dxe5 16. Bb2 Qg5 17. Bxe5 Nd2 18. Bg3 Nxf1 19. Bxf1 Rxe6 20. Bxc7 Rc8 {1-0 (48) Yu,Y (2738)-Sunilduth Lyna,N (2524) Moscow 2017}) 13... Bd5 {[%cal Rd6c5]} 14. Bc4 Bxc4 15. Qxc4 {Black is slightly better.} d5 16. Qe2 Rh6 17. g3 g5 {[%cal Bg7g5,Bg5g4][%mdl 32]} 18. Nd2 g4 19. f3 Nxd2 (19... gxf3 $5 {looks sharper.} 20. Nxf3 Qe8 21. cxb6 cxb6 22. Bb2 Qh5) 20. Qxd2 Rg6 21. e4 fxe4 22. fxe4 Nf6 23. exd5 Qxd5 24. Bb2 bxc5 25. bxc5 Rb8 26. Rae1 {[#]} (26. Bc1 $11 {keeps the balance.}) 26... Ne4 $1 $17 {[%cal Re4d2]} 27. Qf4 $2 {[%mdl 8192]} (27. Qg2 $17 Ng5 28. Qxd5 exd5 29. Re2) 27... Ng5 $19 {[%cal Rg5h3]} 28. Qxg4 Rxb2 {[%csl Gb2][%cal Rd5g2]} 29. Rf2 Rxf2 30. Kxf2 {[#]} h5 $1 0-1

[Event "32nd Reykjavik Open 2017"]
[Site "Reykjavik"]
[Date "2017.04.19"]
[Round "1"]
[White "Scheele, Marcus"]
[Black "Beliavsky, Alexander G"]
[Result "0-1"]
[WhiteElo "2030"]
[BlackElo "2597"]
[Annotator "TA"]
[PlyCount "40"]
[EventDate "2017.??.??"]
[EventType "swiss"]
[EventCountry "ISL"]
[SourceTitle "playchess.com"]
[Source "ChessBase"]
[SourceQuality "1"]

{[%evp 16,40,9,11,122,9,89,52,74,4,84,-12,-15,-88,-75,-85,-95,-419,-397,-360,-321,-547,-552,-700,-581,-579,-575]} 1. e4 c5 2. Nc3 Nc6 3. f4 e6 4. Nf3 d5 5. Bb5 Nge7 6. exd5 exd5 7. Qe2 Qd6 8. d4 {B23: Closed Sicilian: Lines without g3} cxd4 9. Nxd4 {LiveBook: 7 Games} a6 (9... g6 $11) 10. Ba4 $146 (10. f5 $1 $16) (10. Nxc6 bxc6 11. Bd3 g6 12. O-O Bg7 13. f5 O-O 14. fxg6 Nxg6 15. Bg5 Bd7 16. Rae1 Rae8 17. Qh5 Re5 18. Rxe5 Qxe5 19. Bxg6 fxg6 20. Rxf8+ Bxf8 21. Qh4 Bf5 {0-1 (21) Bournival,B (2239)-Goldin,A (2615) Minneapolis 2005}) 10... h5 (10... g6 $11) 11. O-O Bg4 $1 {[%cal Rg4e2] [#]} 12. Qf2 ({White should try} 12. Qd3 $1 $16) 12... O-O-O {[#]} (12... b5 $11 13. Bb3 Nxd4 14. Qxd4 Be6) 13. Nxc6 (13. Bxc6 $1 $16 Nxc6 14. Be3) 13... Nxc6 $11 14. f5 (14. Re1 $11) 14... Qc5 $17 15. Bxc6 Qxc6 16. Qf4 $2 {[%mdl 8192]} (16. Ne2 $17 Qxc2 17. Nd4 Qxf2+ 18. Kxf2 (18. Rxf2 Re8 19. Bg5 Kd7 $17)) 16... Bc5+ $19 17. Kh1 Rhe8 18. Bd2 $2 (18. h3 d4 19. hxg4 dxc3 20. f6 hxg4 21. Qxg4+ Qe6 22. Qxe6+ Rxe6 23. Kh2 Bd6+ 24. Kh3 gxf6 25. bxc3) 18... d4 {Black is clearly winning.} 19. Nd1 Re4 20. Qg3 {[#]} h4 $1 {[%mdl 512]} 0-1

[Event "32nd Reykjavik Open 2017"]
[Site "Reykjavik"]
[Date "2017.04.19"]
[Round "1"]
[White "Peat, Matthew"]
[Black "Can, Emre"]
[Result "0-1"]
[WhiteElo "2014"]
[BlackElo "2578"]
[Annotator "TA"]
[PlyCount "75"]
[EventDate "2017.??.??"]
[EventType "swiss"]
[EventCountry "ISL"]
[SourceTitle "playchess.com"]
[Source "ChessBase"]
[SourceQuality "1"]

{[%evp 18,75,25,12,73,75,145,143,156,155,209,197,193,201,277,269,274,271,279,299,295,289,494,485,487,479,499,481,443,415,468,480,550,565,561,560,699,679,1019,837,772,764,939,99,94,39,36,0,101,91,86,30,29,35,47,0,0,0,42,0]} 1. c4 e5 2. g3 Nf6 3. Bg2 d5 4. cxd5 Nxd5 5. Nc3 Nb6 6. Nf3 Nc6 7. O-O Be7 8. Rb1 O-O 9. b4 {[%cal Bb2b4,Bb4b5][%mdl 32]} Bf5 {A29: English Opening: Four Knights Variation with 4 g3} (9... e4 10. Nxe4 Bf5 11. Qc2 Bxb4 12. a3 Bd6 13. e3 h6 14. Nh4 Bh7 15. f4 Be7 16. f5 Ne5 17. Bb2 {1-0 (35) Nakamura,H (2816)-Sevian,S (2556) Las Vegas 2015}) 10. b5 {LiveBook: 13 Games} Nb4 (10... Na5 $11) 11. d3 $16 N4d5 $146 ({Black should play} 11... Be6) (11... Be6 12. a3 N4d5 13. Nxd5 Nxd5 14. Qc2 Bf6 15. Bb2 Qd6 16. Nd2 a6 17. Ne4 {1-0 (31) Kleindl,P-Coets,C ICCF corr 1997}) 12. Nxd5 $1 Nxd5 13. Bb2 {Black must now prevent e4.} e4 {[#]} (13... Be6 $16) 14. Nd4 $1 $18 {[%csl LRe4,LRf5][%cal Rd4f5]} Bg6 15. dxe4 Nf6 16. e5 Bxb1 17. exf6 (17. Qxb1 $6 Nd7 18. Bxb7 Nxe5 $18) 17... Bxf6 18. Qxb1 Bxd4 19. Rd1 (19. Bxb7 Rb8 20. Bc6 Bxb2 21. Qxb2 {[#]} a6 $1 $15 {[%mdl 512]}) 19... Qe8 $2 (19... Bxf2+ 20. Kxf2 Qg5 21. Bxb7 Rad8) 20. Bxd4 (20. Rxd4 Qxe2 21. Bf1 Qf3 $18) 20... Qxe2 21. Bxb7 Rab8 22. Bc6 a6 23. a4 {[%cal Ba2a4,Ba4b5][%mdl 32]} axb5 24. axb5 ({Don't do} 24. Bxb5 Qg4 25. Be5 Rfc8 $18) 24... Rfd8 25. Re1 Qd2 26. Be5 Qa5 27. Qa1 Qb6 28. Bxg7 {Hoping for Bh8.} Rd2 29. Qf6 {Bh6 is the strong threat.} Rd6 30. Qg5 $2 (30. Qc3 $18 {is the precise move to win.}) 30... Rg6 $16 31. Qe5 (31. Qf5 $16 Kxg7 32. Re4 (32. Re7 Rf6 33. Qg5+ Rg6 $11)) 31... Re6 $14 32. Qg5 ({White should try} 32. Qa1 $14 Rxe1+ 33. Qxe1 Kxg7 34. Qe5+ Kg8 35. h4) 32... Rg6 $16 (32... Rxe1+ $2 {loses.} 33. Kg2 Qxc6+ 34. bxc6 $18) 33. Qf4 Kxg7 34. Re7 (34. Qe5+ $16 Kg8 35. Qf4) 34... Rf6 $11 35. Qg5+ Rg6 36. Qe5+ {[%mdl 1024] White has compensation.} Rf6 $1 37. Qg5+ Rg6 38. Qe5+ 0-1

[Event "32nd Reykjavik Open 2017"]
[Site "Reykjavik"]
[Date "2017.04.19"]
[Round "1"]
[White "Steincamp, Isaac K"]
[Black "Ramirez, Alejandro"]
[Result "0-1"]
[WhiteElo "2009"]
[BlackElo "2555"]
[Annotator "TA"]
[PlyCount "62"]
[EventDate "2017.??.??"]
[EventType "swiss"]
[EventCountry "ISL"]
[SourceTitle "playchess.com"]
[Source "ChessBase"]
[SourceQuality "1"]

{[%evp 12,62,20,11,22,-22,-16,-21,-20,-14,-10,-43,-44,-75,-6,-16,20,-39,-38,-42,-53,-69,-62,-150,-145,-136,-149,-161,-143,-151,-144,-195,-191,-330,-334,-347,-271,-437,-416,-519,-353,-803,-785,-796,-795,-707,-677,-827,-816,-974,-857,-829,-825]} 1. c4 c5 2. Nc3 g6 3. Nf3 Bg7 4. g3 Nc6 5. Bg2 d6 6. O-O Bd7 7. e3 Qc8 {A37: Symmetrical English vs ...g6: 4 Bg2 Bg7 5 Nf3} (7... Nf6 8. d4 O-O 9. b3 a6 10. Bb2 Rb8 11. dxc5 dxc5 12. Qe2 e6 13. Rfd1 Qe7 14. Rac1 Rfd8 15. Ng5 Be8 16. Nce4 Nxe4 17. Nxe4 f5 18. Bxg7 Kxg7 {1-0 (56) Gurevich,M (2596)-Gulko,B (2532) Rockville 2012}) 8. Re1 Bg4 9. d4 $146 (9. Qa4 Bd7 10. d3 h5 11. h4 Nh6 12. a3 Ne5 13. Qc2 Nxf3+ 14. Bxf3 Bg4 15. Bh1 {1-0 (26) Milenkovic,M (2396)-Portelli,S (1822) Nova Gorica 2011}) 9... cxd4 {The position is equal.} 10. exd4 Nxd4 11. Ne4 {[#] Black must now prevent Nxd6+.} (11. Qa4+ $5 {looks sharper.} Bd7 12. Qd1 Ne6 13. Ng5 Nf6 14. Nd5) 11... Kf8 12. Bf4 Bxf3 ({Black should play} 12... Qxc4 $17 13. h3 (13. Nxd6 Qb4 14. a3 Qxb2 $15) 13... Bxf3 14. Bxf3 Qb4) 13. Bxf3 $11 Nh6 {[%cal Bg8h6,Bh6f5,Bf5d4][%mdl 32]} 14. Rc1 (14. c5 $11) 14... Nhf5 $15 15. c5 {[%cal Rc5d6]} d5 16. Nc3 e6 ({But not} 16... Qxc5 $6 17. Nxd5 (17. Bxd5 Rd8 $11) 17... Qa5 18. Bg2 $14) 17. g4 (17. Bg2 $15) 17... Nxf3+ $17 18. Qxf3 Nd4 19. Bd6+ Kg8 20. Qg3 h5 21. Ne2 (21. h3 $17 {is a better defense.}) 21... hxg4 {Threatens to win with ...Nf3+.} 22. Qxg4 {[#]} (22. Nxd4 $142 Bxd4 23. b4) 22... Rh4 $1 $19 {[%mdl 512]} 23. Qg2 (23. Qxh4 Nf3+) 23... e5 {[%cal Be6e5,Be5e4,Be4f3][%mdl 32] Strongly threatening ...Nxe2+.} 24. Ng3 $2 (24. h3 {might work better.}) 24... e4 25. Re3 Qg4 26. Be7 $2 (26. Kh1) 26... Nf3+ {Black is clearly winning.} 27. Rxf3 exf3 28. Qf1 Rh7 29. b3 Re8 30. Re1 Qh3 31. Qxh3 Rxh3 0-1

[Event "32nd Reykjavik Open 2017"]
[Site "Reykjavik"]
[Date "2017.04.19"]
[Round "1"]
[White "Prieto, Alberto"]
[Black "Ziska, Helgi Dam"]
[Result "0-1"]
[WhiteElo "1999"]
[BlackElo "2553"]
[Annotator "TA"]
[PlyCount "76"]
[EventDate "2017.??.??"]
[EventType "swiss"]
[EventCountry "ISL"]
[SourceTitle "playchess.com"]
[Source "ChessBase"]
[SourceQuality "1"]

{[%evp 23,76,7,6,0,8,-4,4,-6,0,0,0,-10,0,-60,0,-49,-48,-50,-35,-122,-105,-143,-153,-140,-137,-127,-150,-191,-86,-93,-10,-160,-87,-282,-300,-314,-307,-293,0,0,0,-285,-291,-283,-285,-272,-284,-728,-435,-458,-450,-462,-437,-956,-942]} 1. d4 Nf6 2. Nf3 g6 3. c4 Bg7 4. Nc3 d6 5. e4 O-O 6. Be2 Na6 7. Bg5 e5 8. d5 h6 9. Bh4 g5 10. Bg3 Nh5 11. Nd2 Nf4 12. O-O Nc5 {LiveBook: 8 Games} 13. f3 {E93: King's Indian: Classical: Petrosian System with 7...Nbd7} h5 14. Qc2 a5 15. Bf2 {The position is equal.} g4 16. fxg4 $146 (16. Nb3 b6 17. Nxc5 bxc5 18. Nb5 f5 19. Kh1 Rf7 20. Be3 Nxe2 21. Qxe2 {0-1 (32) Liu,E (2276)-Bercys,S (2418) Irvine 2010}) 16... hxg4 17. a3 a4 18. Qd1 ({White should play} 18. Kh1 $11) 18... Bh6 (18... Qg5 $1 $15) 19. Bxg4 Qg5 20. h3 Ncd3 21. Be1 (21. Nxa4 $2 Rxa4 $1 {[%mdl 512]} 22. Rb1 Bxg4 $1 {[%mdl 512]} 23. hxg4 Kh8 $19) (21. Qf3 $15) 21... Nxb2 $17 (21... Ng6 $6 22. Bxc8 (22. Nf3 Qe3+ 23. Kh1 Nxb2 $11) 22... Raxc8 23. Nf3 Qe3+ 24. Kh1 (24. Bf2 Nxf2 25. Rxf2 Qc5 $14) 24... Nxb2 25. Qc2 $14) 22. Qb1 Bxg4 $40 {[%mdl 128] Black wants a kill.} 23. hxg4 Nfd3 (23... Qxg4 $6 24. Rxf4 Qxf4 25. Qxb2 $15) 24. Nf3 Qe3+ (24... Qxg4 25. Nh2 Qg5 26. Rf3 Nxe1 27. Qxe1 $11) 25. Kh1 {Threatens to win with Bd2.} Nxc4 (25... Kg7 $1 $19 {And now ...Rh8 would win.} 26. Bd2 Rh8 $3 {[%mdl 512]}) 26. g5 Bg7 ({Much weaker is} 26... Bxg5 $6 27. Nxg5 Kg7 28. Nh3 $11 (28. Bh4 $2 Rh8 29. Rxf7+ Kg6 $19)) (26... f5 $17 27. gxh6 fxe4 28. h7+ Kh8) 27. Qc2 {[#]} (27. Nh4 $1 $11 Nxe1 28. Qxe1) 27... f5 ({Black should try} 27... f6 $1 28. Bh4 f5 29. exf5 Rxf5) 28. exf5 $2 (28. Bf2 $17 Nxf2+ 29. Rxf2 fxe4 30. Nxe4) 28... Rxf5 $19 {Strongly threatening ...e4.} 29. Nd1 Qe4 30. Nc3 Qe3 $2 (30... Ne3 $19 31. Qe2 Nf4 32. Nxe4 Nxe2) 31. Nd1 $1 $11 {[%cal Rd1e3]} Qe4 $2 {[%mdl 8192]} (31... Rxf3 $11 32. Nxe3 Nxe3 33. Qxd3 Rxf1+ 34. Kh2 {[#]} e4 $1 {[%mdl 512]} 35. Qxe3 Bxa1) 32. Nc3 $1 $19 {[%cal Rc3e4]} Ne3 33. Qe2 Nf4 34. Nxe4 Nxe2 35. Bh4 $2 (35. Rf2 Nf4 36. Nh4) 35... Nxd5 {Black is clearly winning.} 36. Rae1 Nec3 37. g4 Rf4 38. Nh2 (38. Nxc3 $142 Nxc3 39. Kh2) 38... Rxe4 0-1